[Event "C.to Italiano Semifinale"]
[Site "Saint Vincent - Chatillon ITA"]
[Date "2008.07.21"]
[Round "2"]
[White "Gioseffi, Massimiliano"]
[Black "Contin, Daniel"]
[Result "0-1"]
[WhiteElo "2049"]
[BlackElo "2304"]
[PlyCount "82"]
[EventDate "2008.07.19"]

1. d4 Nf6 2. c4 e6 3. Nf3 b6 4. a3 Ba6 5. e3 c5 6. Bd3 Nc6 7. b3 d5 8. Bb2 Rc8
9. Nbd2 cxd4 10. exd4 Be7 11. O-O O-O 12. Qe2 Re8 13. Rfe1 Bf8 14. Rac1 dxc4
15. bxc4 Rc7 16. Ne4 Nxe4 17. Qxe4 f5 18. Qe2 Rce7 19. Bb1 g6 20. Red1 Rd7 21.
Ba2 Bg7 22. Qe3 Bb7 23. Rd2 h6 24. Rcd1 Kh7 25. Ne5 Nxe5 26. dxe5 Ree7 27. Bb3
Bc6 28. Bc3 Rxd2 29. Rxd2 Rd7 30. Rxd7 Qxd7 31. Qd4 Qe7 32. Bb2 Qg5 33. g3 Bf8
34. h4 Qe7 35. Bd1 Qb7 36. Be2 Bc5 37. Qf4 Qe7 38. Qc1 Ba8 39. Qf1 Qb7 40. Qh3
Qe4 41. Bf1 Qc2 0-1

[Event "C.to Italiano Semifinale"]
[Site "Saint Vincent - Chatillon ITA"]
[Date "2008.07.21"]
[Round "2"]
[White "Landi, Andrea"]
[Black "Foglia, Maurizio"]
[Result "0-1"]
[WhiteElo "1837"]
[BlackElo "2135"]
[PlyCount "59"]
[EventDate "2008.07.19"]

1. d4 d5 2. c4 c6 3. Nc3 Nf6 4. Bg5 dxc4 5. e4 b5 6. Bxf6 exf6 7. a3 Bd6 8. Nf3
O-O 9. Be2 Bb7 10. O-O Nd7 11. Re1 Re8 12. Bf1 a6 13. Qc2 Qc7 14. Rad1 Rad8 15.
h3 Nf8 16. Nh4 Ne6 17. Nf3 Bf8 18. Rd2 g6 19. Rdd1 Bg7 20. d5 Nc5 21. dxc6 Bxc6
22. Rxd8 Rxd8 23. Nh2 Re8 24. f3 f5 25. Kh1 Qg3 26. Rd1 Be5 27. f4 Qxf4 28. Nf3
Bxc3 29. Qxc3 Nxe4 30. Nd4 0-1

[Event "C.to Italiano Semifinale"]
[Site "Saint Vincent - Chatillon ITA"]
[Date "2008.07.21"]
[Round "2"]
[White "Locci, Damiano"]
[Black "Martorelli, Antonio"]
[Result "0-1"]
[WhiteElo "2094"]
[BlackElo "2240"]
[PlyCount "140"]
[EventDate "2008.07.19"]

1. Nf3 d5 2. d4 Nf6 3. c4 dxc4 4. Nc3 a6 5. a4 Nc6 6. e3 Na5 7. Ne5 Be6 8. Be2
c5 9. O-O cxd4 10. Qxd4 Qxd4 11. exd4 Nb3 12. Rb1 Nxd4 13. Bxc4 Bxc4 14. Nxc4
e6 15. Bf4 Rc8 16. Nd6+ Bxd6 17. Bxd6 Rc6 18. Be5 Nb3 19. Rbd1 O-O 20. Rd3 Nc5
21. Rd2 Ncd7 22. Bg3 Rfc8 23. Rfd1 Nb6 24. Rd8+ Ne8 25. h3 Rxd8 26. Rxd8 Rc8
27. Rd4 a5 28. Nb5 Nd5 29. b3 h6 30. Rd3 Rc1+ 31. Kh2 f5 32. Be5 Kf7 33. Na3
Nef6 34. Nc4 Nd7 35. Nd6+ Kf8 36. Bb2 Rc2 37. Ba3 Ra2 38. Nc4+ Kg8 39. Bd6 b6
40. Ne3 N7f6 41. Nxd5 Nxd5 42. Kg3 Kf7 43. Be5 Re2 44. Ba1 g5 45. Kf3 Re1 46.
Bb2 h5 47. g3 g4+ 48. hxg4 hxg4+ 49. Kg2 Re2 50. Bc1 Ke7 51. Kf1 Ra2 52. Bh6
Rc2 53. Bd2 Kd6 54. Ke1 e5 55. Kd1 Rc8 56. Ke2 Ke6 57. Be3 Rc2+ 58. Ke1 e4 59.
Rd2 Nxe3 60. fxe3 Rc3 61. Ke2 Rxb3 62. Rc2 Rb4 63. Rc6+ Kd5 64. Rf6 Rxa4 65.
Rxb6 Ra2+ 66. Kd1 Kc4 67. Rd6 a4 68. Rd4+ Kc5 69. Kc1 Ra3 70. Kd2 Rd3+ 0-1

[Event "C.to Italiano Semifinale"]
[Site "Saint Vincent - Chatillon ITA"]
[Date "2008.07.21"]
[Round "2"]
[White "Piscopo, Pierluigi"]
[Black "Caprio, Guido"]
[Result "1-0"]
[WhiteElo "2389"]
[BlackElo "2188"]
[PlyCount "49"]
[EventDate "2008.07.19"]

1. e4 c5 2. Nf3 d6 3. c3 Nf6 4. Be2 Bd7 5. d3 g6 6. O-O Bg7 7. Re1 O-O 8. Bf1
Nc6 9. a3 Bg4 10. h3 Bxf3 11. Qxf3 Nd7 12. Qd1 b5 13. d4 cxd4 14. Bxb5 dxc3 15.
Nxc3 Nd4 16. Bc4 Ne5 17. Ba2 Rb8 18. Be3 Nec6 19. Rb1 Qa5 20. Ne2 Nxe2+ 21.
Rxe2 Qh5 22. b4 a5 23. Rc2 Qxd1+ 24. Rxd1 Na7 25. Bxa7 1-0

[Event "C.to Italiano Semifinale"]
[Site "Saint Vincent - Chatillon ITA"]
[Date "2008.07.21"]
[Round "2"]
[White "Puzzoni, Christian"]
[Black "Roversi, Stefano"]
[Result "1-0"]
[WhiteElo "2128"]
[BlackElo "1840"]
[PlyCount "59"]
[EventDate "2008.07.19"]

1. e4 c5 2. Nf3 Nc6 3. d4 cxd4 4. c3 d3 5. Bxd3 Nf6 6. c4 Nb4 7. e5 Nxd3+ 8.
Qxd3 Ng4 9. Nc3 g6 10. h3 Nh6 11. Bg5 Bg7 12. O-O-O O-O 13. Qd2 Nf5 14. g4 f6
15. exf6 exf6 16. gxf5 fxg5 17. fxg6 h6 18. h4 g4 19. Ng5 d5 20. Nf7 Qa5 21.
Nxd5 Qxd2+ 22. Rxd2 Rxf7 23. gxf7+ Kxf7 24. Re1 h5 25. Re7+ Kf8 26. Rde2 Bf5
27. Rxb7 Bd3 28. Ree7 Bh6+ 29. Kd1 Bxc4 30. Rf7+ 1-0

[Event "C.to Italiano Semifinale"]
[Site "Saint Vincent - Chatillon ITA"]
[Date "2008.07.21"]
[Round "2"]
[White "Rettore, Ludwig"]
[Black "Dvirnyy, Danyyil"]
[Result "0-1"]
[WhiteElo "2230"]
[BlackElo "2358"]
[PlyCount "64"]
[EventDate "2008.07.19"]

1. e4 c5 2. Nf3 d6 3. d4 cxd4 4. Nxd4 Nc6 5. c4 Nf6 6. Nc3 e6 7. Be2 Be7 8. Be3
O-O 9. O-O a6 10. f4 Bd7 11. Rc1 Rc8 12. Kh1 Nxd4 13. Qxd4 Bc6 14. Rfd1 Qa5 15.
Qd2 Bd8 16. Bf3 Bb6 17. b3 Rfd8 18. Bxb6 Qxb6 19. h3 h6 20. Qe2 Qa5 21. Qd2 Kf8
22. a4 Qb4 23. Qc2 Qc5 24. Qe2 g5 25. fxg5 hxg5 26. Rf1 Kg7 27. Bh5 Qe5 28. Rf2
Rh8 29. Bg4 Rh4 30. Rcf1 Nxg4 31. Rxf7+ Kg8 32. Qf3 Qh2# 0-1

[Event "C.to Italiano Semifinale"]
[Site "Saint Vincent - Chatillon ITA"]
[Date "2008.07.21"]
[Round "2"]
[White "Ricci, Alfredo"]
[Black "Tocco, Paolo"]
[Result "0-1"]
[WhiteElo "2069"]
[BlackElo "2174"]
[PlyCount "68"]
[EventDate "2008.07.19"]

1. e4 g6 2. d4 Bg7 3. Nf3 d6 4. Nc3 e6 5. Bc4 Ne7 6. Bg5 h6 7. Be3 a6 8. a4 b6
9. Qd2 Nd7 10. d5 e5 11. Bd3 f5 12. Qe2 Nf6 13. Bd2 fxe4 14. Bxe4 Nxe4 15. Qxe4
Bf5 16. Qe2 O-O 17. Be3 g5 18. O-O-O Qe8 19. Nd2 Bd7 20. h4 g4 21. f3 h5 22.
Nde4 b5 23. Ng5 Qg6 24. a5 Nf5 25. Nce4 Nxe3 26. Qxe3 Bh6 27. Kb1 Bf5 28. Qc3
Bxg5 29. Nxg5 b4 30. Qb3 Rab8 31. f4 exf4 32. Ne6 Rf6 33. Nxc7 Rc8 34. Nxa6
Bxc2+ 0-1

[Event "C.to Italiano Semifinale"]
[Site "Saint Vincent - Chatillon ITA"]
[Date "2008.07.21"]
[Round "2"]
[White "Ricci, Marco"]
[Black "Lamagna, Mario"]
[Result "1/2-1/2"]
[WhiteElo "2139"]
[BlackElo "1888"]
[PlyCount "81"]
[EventDate "2008.07.19"]

1. e4 e6 2. d4 d5 3. Nd2 Be7 4. e5 Nh6 5. Bd3 c5 6. c3 Nc6 7. Ndf3 Qb6 8. Ne2
Bd7 9. O-O f6 10. dxc5 Qxc5 11. exf6 Bxf6 12. Bxh6 gxh6 13. Nf4 O-O-O 14. Re1
Rde8 15. Bc2 Qb6 16. Bb3 Qc5 17. Qe2 Rhf8 18. Nd3 Qb6 19. Qe3 Qxe3 20. Rxe3 d4
21. cxd4 Nxd4 22. Rc1+ Kb8 23. Nde5 Nxf3+ 24. gxf3 Bxe5 25. Rxe5 Rxf3 26. Rce1
Rf6 27. Kf1 Kc7 28. R1e3 Kd6 29. Ra5 a6 30. Rd3+ Ke7 31. Re3 Bb5+ 32. Ke1 Rg8
33. Rg3 Rg5 34. Bc2 Re5+ 35. Re3 Rxe3+ 36. fxe3 Rf3 37. a4 Bc6 38. Rh5 Rxe3+
39. Kd2 Rf3 40. Rxh6 Kd6 41. Rh5 1/2-1/2

[Event "C.to Italiano Semifinale"]
[Site "Saint Vincent - Chatillon ITA"]
[Date "2008.07.21"]
[Round "2"]
[White "Sbarra, Marco"]
[Black "Rombaldoni, Axel"]
[Result "1/2-1/2"]
[WhiteElo "2236"]
[BlackElo "2374"]
[PlyCount "83"]
[EventDate "2008.07.19"]

1. d4 f5 2. g3 Nf6 3. Bg2 e6 4. Nf3 Be7 5. c4 O-O 6. O-O c6 7. b3 a5 8. c5 b6
9. cxb6 Na6 10. Nc3 Qxb6 11. Ne5 Nb4 12. e4 fxe4 13. Nxe4 Nbd5 14. Nxf6+ Nxf6
15. Bg5 Qd8 16. Qc2 Nd5 17. Bxe7 Qxe7 18. Rfe1 Qf6 19. Be4 g6 20. Rad1 a4 21.
Qd2 axb3 22. axb3 Rb8 23. Rb1 Nb4 24. h4 c5 25. h5 d5 26. Bg2 cxd4 27. hxg6
hxg6 28. Rbc1 Rb7 29. Ng4 Qg7 30. Ne5 d3 31. Nxd3 Qd4 32. Re3 e5 33. Qe2 Bg4
34. f3 Bxf3 35. Bxf3 e4 36. Bxe4 dxe4 37. Nf2 Rbf7 38. Rxe4 Qd6 39. Rf4 Rxf4
40. gxf4 Qxf4 41. Qc4+ Qxc4 42. Rxc4 1/2-1/2

[Event "C.to Italiano Semifinale"]
[Site "Saint Vincent - Chatillon ITA"]
[Date "2008.07.21"]
[Round "2"]
[White "Sibilio, Mario"]
[Black "Lombardi, Mariano"]
[Result "1/2-1/2"]
[WhiteElo "2361"]
[BlackElo "1928"]
[PlyCount "60"]
[EventDate "2008.07.19"]

1. Nf3 Nf6 2. c4 c6 3. d4 d5 4. Qb3 e6 5. g3 Nbd7 6. Nc3 Bd6 7. Bg2 O-O 8. O-O
b6 9. Rd1 Qc7 10. Bg5 Bb7 11. Rac1 Qb8 12. e3 Rc8 13. cxd5 exd5 14. Qc2 Re8 15.
Bf4 Nf8 16. b4 Ng6 17. Bxd6 Qxd6 18. b5 Rac8 19. Qa4 a5 20. bxa6 Ra8 21. Qb3
Rxa6 22. Bf1 b5 23. a4 Rb6 24. Rb1 Ba6 25. axb5 Bxb5 26. Qb4 Qd7 27. Ne5 Nxe5
28. dxe5 Bxf1 29. Qh4 Rxb1 30. Rxb1 Rxe5 1/2-1/2

[Event "C.to Italiano Semifinale"]
[Site "Saint Vincent - Chatillon ITA"]
[Date "2008.07.21"]
[Round "2"]
[White "Ubezio, Marco"]
[Black "Bruno, Fabio"]
[Result "0-1"]
[WhiteElo "2181"]
[BlackElo "2453"]
[PlyCount "80"]
[EventDate "2008.07.19"]

1. c4 c5 2. Nc3 b6 3. e3 e6 4. d4 Nf6 5. d5 exd5 6. cxd5 g6 7. e4 d6 8. f4 Qe7
9. Nf3 Bg7 10. Bb5+ Nfd7 11. O-O Bb7 12. e5 O-O 13. e6 fxe6 14. dxe6 Nf6 15. f5
gxf5 16. Bg5 Qxe6 17. Bxf6 Bxf6 18. Re1 Be4 19. Nxe4 fxe4 20. Nd2 e3 21. Qh5 d5
22. Qh6 Qf7 23. Nf3 d4 24. Rf1 Qg7 25. Qh5 a6 26. Qd5+ Kh8 27. Qxa8 axb5 28.
Qe4 Nd7 29. a4 Qe7 30. Qxe7 Bxe7 31. axb5 e2 32. Rfe1 d3 33. Ra7 Rd8 34. b3 c4
35. bxc4 Bc5+ 36. Kh1 Bb4 37. Raa1 Nc5 38. Reb1 d2 39. Nxd2 Bxd2 40. Kg1 Nd3
0-1

[Event "C.to Italiano Semifinale"]
[Site "Saint Vincent - Chatillon ITA"]
[Date "2008.07.21"]
[Round "2"]
[White "Valenti, Giuseppe"]
[Black "Mogranzini, Roberto"]
[Result "0-1"]
[WhiteElo "2203"]
[BlackElo "2423"]
[PlyCount "28"]
[EventDate "2008.07.19"]

1. e4 c5 2. Nf3 e6 3. d4 cxd4 4. Nxd4 a6 5. Nc3 Qc7 6. g3 Bb4 7. Bd2 Nf6 8. Bg2
Nc6 9. Nxc6 dxc6 10. O-O Be7 11. a4 a5 12. Kh1 e5 13. h3 Be6 14. Qf3 Qd7 0-1

[Event "C.to Italiano Semifinale"]
[Site "Saint Vincent - Chatillon ITA"]
[Date "2008.07.21"]
[Round "2"]
[White "Valsecchi, Alessio"]
[Black "Pepino, Enrico"]
[Result "1-0"]
[WhiteElo "2298"]
[BlackElo "2119"]
[PlyCount "63"]
[EventDate "2008.07.19"]

1. e4 c5 2. Nc3 Nc6 3. f4 g6 4. Nf3 Bg7 5. Bc4 d6 6. O-O e6 7. d3 Nge7 8. Qe1
Nd4 9. Bb3 O-O 10. Nxd4 cxd4 11. Ne2 Bd7 12. Qg3 a5 13. a4 b5 14. f5 exf5 15.
axb5 fxe4 16. Bg5 Bxb5 17. Qh4 Ra7 18. Qxe4 d5 19. Qh4 a4 20. Nf4 f6 21. Ne6
fxg5 22. Qg3 Qb6 23. Nxg7 Rxf1+ 24. Rxf1 axb3 25. Qe5 Nf5 26. Nxf5 gxf5 27.
Rxf5 h6 28. Qxd5+ Kg7 29. Qxb3 Qa5 30. Qe6 Qd8 31. Rxb5 Re7 32. Qd5 1-0

[Event "C.to Italiano Semifinale"]
[Site "Saint Vincent - Chatillon ITA"]
[Date "2008.07.21"]
[Round "2"]
[White "Vezzosi, Paolo"]
[Black "Barletta, Mauro"]
[Result "1/2-1/2"]
[WhiteElo "2352"]
[BlackElo "2205"]
[PlyCount "173"]
[EventDate "2008.07.19"]

1. d4 d5 2. c4 e6 3. Nc3 Nf6 4. Bg5 Nbd7 5. Nf3 c6 6. e3 Qa5 7. Nd2 Bb4 8. Qc2
O-O 9. Be2 e5 10. dxe5 Ne4 11. Ndxe4 dxe4 12. O-O Bxc3 13. bxc3 Nxe5 14. Be7
Re8 15. Bb4 Qc7 16. Qxe4 c5 17. Ba3 Bd7 18. Qf4 Re6 19. Rfd1 Rae8 20. e4 Qa5
21. Qc1 Ra6 22. Bb2 Be6 23. f4 Bxc4 24. Qc2 Bxe2 25. Qxe2 Ng6 26. f5 Ne5 27. c4
Qc7 28. Rd5 h5 29. h3 Ra4 30. Qxh5 Rxc4 31. Qh4 f6 32. Rad1 Nf7 33. Rd7 Rcxe4
34. Rxc7 Rxh4 35. Rdd7 Rf8 36. Rxb7 Rb4 37. Rxb4 cxb4 38. Rxa7 Nd6 39. Ra4 Rb8
40. g4 Ne4 41. a3 bxa3 42. Bxa3 Ng5 43. Kg2 Rd8 44. Bc1 Nf7 45. Bf4 Rc8 46. Re4
Ra8 47. Kf3 Ra3+ 48. Re3 Ra8 49. h4 Kf8 50. Rb3 Ra5 51. Rd3 Rb5 52. Ke4 Ne5 53.
Bxe5 Rxe5+ 54. Kf4 Re1 55. g5 fxg5+ 56. hxg5 Rg1 57. g6 Rf1+ 58. Ke5 Ke7 59.
Re3 Rf2 60. Re1 Ra2 61. Kf4+ Kf8 62. Rb1 Ra8 63. Rb7 Kg8 64. Ke5 Re8+ 65. Kd6
Rf8 66. Rb5 Ra8 67. Rd5 Kf8 68. Kd7 Ra1 69. Rd6 Rf1 70. Rd5 Rf2 71. Ke6 Re2+
72. Re5 Rd2 73. Re1 Rd3 74. Rh1 Re3+ 75. Kd5 Ke7 76. Rh8 Kf6 77. Rf8+ Kg5 78.
Rf7 Re1 79. Kd6 Kh6 80. Re7 Rf1 81. Ke6 Rf2 82. Rd7 Ra2 83. Kf7 Ra6 84. Ke8
Ra8+ 85. Ke7 Ra6 86. Rd6 Ra7+ 87. Rd7 1/2-1/2

[Event "C.to Italiano Semifinale"]
[Site "Saint Vincent - Chatillon ITA"]
[Date "2008.07.22"]
[Round "3"]
[White "Barletta, Mauro"]
[Black "Borgo, Giulio"]
[Result "0-1"]
[WhiteElo "2205"]
[BlackElo "2442"]
[PlyCount "76"]
[EventDate "2008.07.19"]

1. e4 c5 2. Nf3 e6 3. d3 Nc6 4. g3 d5 5. Qe2 Nge7 6. h4 f6 7. Bg2 e5 8. c3 Be6
9. Nbd2 Qd7 10. a3 d4 11. c4 Nc8 12. Nf1 a6 13. N1h2 b5 14. b3 Rb8 15. Nd2 bxc4
16. bxc4 Nb6 17. f4 h5 18. Bf3 Bf7 19. f5 Na4 20. g4 hxg4 21. Nxg4 Nc3 22. Qg2
Bh5 23. Nf2 Na5 24. Bxh5+ Rxh5 25. Qf3 Qf7 26. Rh3 Bd6 27. Nh1 Rb6 28. Ng3 Rh8
29. h5 Bf8 30. Qg4 Kd8 31. Qg6 Qe8 32. Qxe8+ Kxe8 33. Nh1 Kf7 34. Nf2 Be7 35.
Ng4 Rh7 36. Rh2 Rb8 37. h6 Rbh8 38. Bb2 gxh6 0-1

[Event "C.to Italiano Semifinale"]
[Site "Saint Vincent - Chatillon ITA"]
[Date "2008.07.22"]
[Round "3"]
[White "Bonafede, Alessandro"]
[Black "Bruno, Fabio"]
[Result "0-1"]
[WhiteElo "2329"]
[BlackElo "2453"]
[PlyCount "64"]
[EventDate "2008.07.19"]

1. e4 c5 2. Nf3 e6 3. d4 cxd4 4. Nxd4 a6 5. Bd3 Qc7 6. Nc3 Nf6 7. O-O b5 8. Qe2
Bb7 9. Bg5 d6 10. a4 b4 11. Na2 Be7 12. Bd2 d5 13. e5 Nfd7 14. Rfe1 Qb6 15. c3
b3 16. Nc1 Nc6 17. Nxc6 Bxc6 18. Qg4 g6 19. Bg5 Bc5 20. Be3 a5 21. Ra3 Bxe3 22.
Rxe3 Nc5 23. Qd4 Rb8 24. Be2 O-O 25. Bd1 Rfc8 26. Re2 Bxa4 27. Rxa4 Nxa4 28.
Qxa4 Rxc3 29. bxc3 b2 30. Rxb2 Qxb2 31. Nb3 Qxc3 32. Kf1 Qd3+ 0-1

[Event "C.to Italiano Semifinale"]
[Site "Saint Vincent - Chatillon ITA"]
[Date "2008.07.22"]
[Round "3"]
[White "Caprio, Guido"]
[Black "Locci, Damiano"]
[Result "1-0"]
[WhiteElo "2188"]
[BlackElo "2094"]
[PlyCount "41"]
[EventDate "2008.07.19"]

1. e4 Nc6 2. d4 d5 3. Nc3 e6 4. e5 f6 5. Nf3 Bd7 6. Bb5 Bb4 7. O-O Qe7 8. Bxc6
Bxc6 9. Ne2 O-O-O 10. c3 Ba5 11. a4 a6 12. b4 Bb6 13. Nf4 Qf7 14. exf6 gxf6 15.
b5 Bd7 16. bxa6 bxa6 17. Qe2 a5 18. Qa6+ Kb8 19. Rb1 Nh6 20. Nxd5 exd5 21.
Rxb6+ 1-0

[Event "C.to Italiano Semifinale"]
[Site "Saint Vincent - Chatillon ITA"]
[Date "2008.07.22"]
[Round "3"]
[White "Contin, Daniel"]
[Black "Piscopo, Pierluigi"]
[Result "0-1"]
[WhiteElo "2304"]
[BlackElo "2389"]
[PlyCount "52"]
[EventDate "2008.07.19"]

1. Nf3 d6 2. c4 Bg4 3. Qb3 Nd7 4. Qxb7 Nc5 5. Qb5+ c6 6. Qxc6+ Bd7 7. Qd5 Nf6
8. Qd4 e5 9. Qc3 e4 10. d4 Na4 11. Qe3 Be7 12. Nfd2 d5 13. h3 dxc4 14. Nxe4 O-O
15. Nbc3 Re8 16. Nxf6+ Bxf6 17. Qd2 Nb6 18. d5 Bf5 19. g4 Bd3 20. Rg1 Nxd5 21.
Nxd5 Qxd5 22. Bg2 Qb5 23. Bxa8 c3 24. bxc3 Bxe2 25. Qe3 Rxe3 26. fxe3 Bh4+ 0-1

[Event "C.to Italiano Semifinale"]
[Site "Saint Vincent - Chatillon ITA"]
[Date "2008.07.22"]
[Round "3"]
[White "De Florio, Federico"]
[Black "Rettore, Ludwig"]
[Result "1-0"]
[WhiteElo "2106"]
[BlackElo "2230"]
[PlyCount "51"]
[EventDate "2008.07.19"]

1. d4 c5 2. e3 Nf6 3. Nf3 cxd4 4. exd4 d5 5. Bd3 e6 6. Bf4 Qb6 7. Nc3 a6 8. O-O
Qxb2 9. Na4 Qb4 10. c3 Qa5 11. Qc2 Nbd7 12. Ne5 Be7 13. c4 Nxe5 14. dxe5 Nd7
15. cxd5 Qxd5 16. Rfd1 Qa5 17. Rac1 h6 18. Nb2 O-O 19. Nc4 Qc7 20. Qe2 Nc5 21.
Nd6 Qa5 22. Bd2 Qc7 23. Bb4 b6 24. Bxc5 bxc5 25. Qe4 g6 26. Qxa8 1-0

[Event "C.to Italiano Semifinale"]
[Site "Saint Vincent - Chatillon ITA"]
[Date "2008.07.22"]
[Round "3"]
[White "Ferri, Stefano"]
[Black "Cocchi, Andrea"]
[Result "1/2-1/2"]
[WhiteElo "2146"]
[BlackElo "2323"]
[PlyCount "109"]
[EventDate "2008.07.19"]

1. d4 d5 2. Nf3 Nf6 3. g3 e6 4. c4 Bb4+ 5. Bd2 Be7 6. Bg2 O-O 7. O-O c6 8. b3
Nbd7 9. Bc3 b6 10. Nbd2 Bb7 11. Qc2 Rc8 12. Qb2 Qc7 13. Rac1 dxc4 14. bxc4 c5
15. e3 Bc6 16. Rfe1 Qb7 17. e4 cxd4 18. Nxd4 Ne8 19. Nf1 Nc5 20. Qe2 Bd7 21. e5
Qc7 22. Ne3 Na4 23. Ba1 Bc5 24. Nb5 Qb8 25. Qd1 Bxe3 26. Rxe3 Bxb5 27. cxb5
Rxc1 28. Qxc1 Nc7 29. Bc6 Rd8 30. Qc2 Nc5 31. f4 a6 32. a4 a5 33. f5 exf5 34.
Rf3 N7e6 35. Qxf5 Qc7 36. Qg4 Rd1+ 37. Rf1 Rd3 38. Be8 Nd8 39. Qf5 Qe7 40. Bc6
Nxc6 41. bxc6 Rd8 42. Rc1 h6 43. Bb2 Qe6 44. Qxe6 Nxe6 45. Ba3 Rc8 46. Kf2 f6
47. exf6 gxf6 48. Ke3 f5 49. Bd6 Kf7 50. c7 Ke8 51. Bf4 Kd7 52. Rd1+ Ke7 53.
Rc1 Kd7 54. Rd1+ Ke7 55. Rc1 1/2-1/2

[Event "C.to Italiano Semifinale"]
[Site "Saint Vincent - Chatillon ITA"]
[Date "2008.07.22"]
[Round "3"]
[White "Finocchiaro, Gianluca"]
[Black "Borgiani, Flavio"]
[Result "0-1"]
[WhiteElo "2021"]
[BlackElo "2215"]
[PlyCount "81"]
[EventDate "2008.07.19"]

1. d4 Nf6 2. Nc3 d5 3. Bg5 Nbd7 4. Nf3 g6 5. Qd2 h6 6. Bf4 c6 7. O-O-O Bg7 8.
h4 b5 9. Ne5 b4 10. Na4 Qa5 11. b3 Nxe5 12. dxe5 Ne4 13. Qd4 Bb7 14. f3 c5 15.
Qg1 Nc3 16. Qxc5 Qxc5 17. Nxc5 Nxd1 18. Nxb7 Nc3 19. e4 O-O 20. Kb2 dxe4 21.
Bc4 e6 22. fxe4 g5 23. hxg5 hxg5 24. Bh2 Nxe4 25. Re1 Nc3 26. Nc5 Rfd8 27. Na6
Rd1 28. Rxd1 Nxd1+ 29. Kc1 Ne3 30. Be2 Bf8 31. Bg1 Nd5 32. Bf3 Rc8 33. Bxd5
exd5 34. Be3 g4 35. Bd2 Re8 36. Bf4 Kh7 37. Nc7 Rd8 38. e6 fxe6 39. Nxe6 Re8
40. Nxf8+ Rxf8 41. g3 0-1

[Event "C.to Italiano Semifinale"]
[Site "Saint Vincent - Chatillon ITA"]
[Date "2008.07.22"]
[Round "3"]
[White "Foglia, Maurizio"]
[Black "Valsecchi, Alessio"]
[Result "0-1"]
[WhiteElo "2135"]
[BlackElo "2298"]
[PlyCount "78"]
[EventDate "2008.07.19"]

1. d4 Nf6 2. Bf4 b5 3. e3 a6 4. Nf3 d6 5. Nbd2 g6 6. h3 Bg7 7. Be2 O-O 8. O-O
Nbd7 9. c4 bxc4 10. Nxc4 c5 11. Rc1 Bb7 12. dxc5 Nxc5 13. b4 Nce4 14. Na5 Qd7
15. Nxb7 Qxb7 16. Qd3 Qxb4 17. Rc4 Qb2 18. Rc2 Qb6 19. Qa3 Nd5 20. Bg5 h6 21.
Bf4 Nc5 22. Bg3 Qb4 23. Qc1 Nc3 24. Kh1 Nxe2 25. Rxe2 Ne4 26. Bh2 Rac8 27. Rc2
Rc5 28. Rxc5 Nxc5 29. Qb1 Rb8 30. Qc2 Qc3 31. Qxc3 Bxc3 32. Rc1 Ne4 33. Rc2 e5
34. g4 a5 35. Kg2 a4 36. Nh4 a3 37. Kf3 Rb2 38. Rc1 d5 39. Rxc3 Rxf2# 0-1

[Event "C.to Italiano Semifinale"]
[Site "Saint Vincent - Chatillon ITA"]
[Date "2008.07.22"]
[Round "3"]
[White "Frugoli, Francesco"]
[Black "Gioseffi, Massimiliano"]
[Result "0-1"]
[WhiteElo "2163"]
[BlackElo "2049"]
[PlyCount "106"]
[EventDate "2008.07.19"]

1. e4 c5 2. Nc3 d6 3. f4 Nc6 4. Nf3 e6 5. Bb5 Bd7 6. d3 a6 7. Bxc6 Bxc6 8. O-O
Nf6 9. Qe1 Be7 10. Qg3 O-O 11. f5 exf5 12. Bh6 Ne8 13. exf5 Kh8 14. Bd2 Nf6 15.
Rae1 Qd7 16. Qh3 Rae8 17. Ng5 d5 18. Rf4 h6 19. Rff1 Kg8 20. Ne6 fxe6 21. fxe6
Qd8 22. Bxh6 gxh6 23. Qxh6 Nh7 24. Rf7 Rxf7 25. exf7+ Kxf7 26. Qxh7+ Kf8 27.
Qh6+ Kf7 28. Qh5+ Kg7 29. Qg4+ Kf7 30. Qe6+ Kg7 31. Qg4+ Kh6 32. Re3 Bh4 33.
Ne4 dxe4 34. Rh3 Qg5 35. Rxh4+ Kg6 36. dxe4 Rxe4 37. Qxg5+ Kxg5 38. Rxe4 Bxe4
39. c3 Bb1 40. a3 Kf4 41. Kf2 Ke4 42. Ke2 Bd3+ 43. Kd2 Bc4 44. h4 Kf4 45. b4
cxb4 46. cxb4 Kg4 47. Ke3 Kxh4 48. Ke4 Kg3 49. Kd4 Bb3 50. a4 Bxa4 51. Kc5 Kxg2
52. Kb6 Bc6 53. b5 axb5 0-1

[Event "C.to Italiano Semifinale"]
[Site "Saint Vincent - Chatillon ITA"]
[Date "2008.07.22"]
[Round "3"]
[White "Gallucci, Alessio"]
[Black "Sibilio, Mario"]
[Result "0-1"]
[WhiteElo "2152"]
[BlackElo "2361"]
[PlyCount "52"]
[EventDate "2008.07.19"]

1. e4 g6 2. d4 Bg7 3. Nc3 d6 4. f4 Nc6 5. Be3 e6 6. Nf3 Nf6 7. Bd3 O-O 8. Qd2
a6 9. O-O-O b5 10. h3 b4 11. Ne2 d5 12. e5 Ne4 13. Qe1 Rb8 14. h4 b3 15. axb3
Nb4 16. h5 c5 17. hxg6 Qa5 18. Bxe4 dxe4 19. Rxh7 exf3 20. Qh4 fxg6 21. f5 Rb7
22. Nf4 g5 23. Qxg5 Qa1+ 24. Kd2 Qxb2 25. Rdh1 Qxc2+ 26. Ke1 Nd3+ 0-1

[Event "C.to Italiano Semifinale"]
[Site "Saint Vincent - Chatillon ITA"]
[Date "2008.07.22"]
[Round "3"]
[White "Lamagna, Mario"]
[Black "Ubezio, Marco"]
[Result "0-1"]
[WhiteElo "1888"]
[BlackElo "2181"]
[PlyCount "100"]
[EventDate "2008.07.19"]

1. e4 Nf6 2. e5 Nd5 3. d4 d6 4. c4 Nb6 5. f4 dxe5 6. fxe5 Bf5 7. Nc3 e6 8. Nf3
Bb4 9. Bd3 c5 10. Bxf5 cxd4 11. Bg5 Qc7 12. Qxd4 Nc6 13. Qe4 exf5 14. Qxf5 Nxc4
15. O-O Bxc3 16. bxc3 h6 17. Bf4 Ne7 18. Qxf7+ Kxf7 19. e6+ Kxe6 20. Bxc7 Kd7
21. Ne5+ Kxc7 22. Nxc4 Rhf8 23. Ne5 Rf5 24. Rxf5 Nxf5 25. Rf1 Nd6 26. Nd3 Re8
27. Re1 Rxe1+ 28. Nxe1 Ne4 29. c4 Nd2 30. c5 Ne4 31. Nd3 Kc6 32. Nf4 Nxc5 33.
Kf2 b5 34. Ke3 a5 35. h4 Kd6 36. g4 Ne6 37. Ne2 Ke5 38. Nc3 b4 39. Na4 Nf4 40.
Nb2 Nd5+ 41. Kd3 Nc3 42. a3 Kf4 43. axb4 axb4 44. g5 h5 45. Nc4 Kg4 46. Nd6 g6
47. Kc4 Kxh4 48. Kxb4 Ne2 49. Nf7 Kg3 50. Ne5 Nf4 0-1

[Event "C.to Italiano Semifinale"]
[Site "Saint Vincent - Chatillon ITA"]
[Date "2008.07.22"]
[Round "3"]
[White "Lombardi, Mariano"]
[Black "Brancaleoni, Maurizio"]
[Result "1/2-1/2"]
[WhiteElo "1928"]
[BlackElo "2251"]
[PlyCount "24"]
[EventDate "2008.07.19"]

1. Nf3 c5 2. e4 Nc6 3. d4 cxd4 4. Nxd4 Qb6 5. Nb3 Nf6 6. Nc3 e6 7. Be3 Qc7 8.
Bd3 d6 9. O-O a6 10. a4 b6 11. f4 Be7 12. Qe2 Nd7 1/2-1/2

[Event "C.to Italiano Semifinale"]
[Site "Saint Vincent - Chatillon ITA"]
[Date "2008.07.22"]
[Round "3"]
[White "Martorelli, Antonio"]
[Black "Vezzosi, Paolo"]
[Result "1/2-1/2"]
[WhiteElo "2240"]
[BlackElo "2352"]
[PlyCount "78"]
[EventDate "2008.07.19"]

1. e4 c6 2. d4 d5 3. exd5 cxd5 4. c4 Nf6 5. Nc3 e6 6. Nf3 Bb4 7. Bg5 Qa5 8. Bd2
Nc6 9. Bd3 dxc4 10. Bxc4 O-O 11. O-O b6 12. Re1 Qh5 13. Be2 Bb7 14. Ne5 Qh4 15.
Bf3 Na5 16. Ne2 Bxd2 17. Qxd2 Rac8 18. g3 Qh3 19. Bxb7 Nxb7 20. Qg5 Nd6 21.
Rac1 Qf5 22. Qxf5 Nxf5 23. Kf1 Nd5 24. a3 Rfe8 25. h3 Kf8 26. Nf3 Nd6 27. Rxc8
Rxc8 28. Rc1 Rxc1+ 29. Nxc1 Nc4 30. Nd3 f6 31. a4 Ke7 32. Ke1 g5 33. Kd1 Kf7
34. Kc2 Kg6 35. b3 Nd6 36. b4 Kf5 37. Nd2 h5 38. b5 g4 39. h4 Kg6 1/2-1/2